| 000 | 00477nam a2200145Ia 4500 | ||
|---|---|---|---|
| 005 | 20251020182610.0 | ||
| 008 | 200515s9999 xx 000 0 und d | ||
| 082 | _aSC/625.71/M61/v. 1 | ||
| 110 | _aMinisterio de Transporte y Comunicaciones, Vivienda y construcción | ||
| 245 | 0 | _aEstudio definitivo para la Rehabilitación y Mejoramiento de la carretera Nazca y Puquio : Memoria descriptiva anexos | |
| 260 | _aLima | ||
| 260 | _c1993 | ||
| 650 | _aCARRETERAS | ||
| 942 | _cLIB | ||
| 999 |
_c3320 _d3320 |
||